| 000 | 00506nam a2200193 a 4500 | ||
|---|---|---|---|
| 005 | 20210219153100.0 | ||
| 008 | 991125n 000 0 u | ||
| 035 | _aUPN01000076913 | ||
| 100 | _aGOWIN, D. Bob | ||
| 222 | _aEDUCATIONAL FORUM | ||
| 245 | _aEquality: three analogies | ||
| 300 | _a177-179 | ||
| 362 | _a1970 Vol. 34, no. 2, jan. | ||
| 653 | 0 | _aACCESO A LA EDUCACION | |
| 653 | 0 | _aDESARROLLO SOCIAL | |
| 653 | 0 | _aIGUALDAD DE OPORTUNIDADES | |
| 904 |
_aAC _b014724 |
||
| 905 | _aArticulo | ||
| 999 |
_c67985 _d67985 |
||